000 00358nam a2200157Ia 4500
003 OSt
005 20240224120144.0
008 170524s9999 xx 000 0 und d
020 _a978-0071492478
040 _cIIMT UNIVERSITY
100 _aPeterson- Richard
245 4 _aLinux The Complete Reference
260 _bTMH
260 _c2008
942 _2ddc
_c02
999 _c5242
_d5242